Cardinal Pietro Ottoboni (1667-1740) and the Vatican tomb of Pope Alexander VIII /

Bibliographic Details
Main Author: Olszewski, Edward J., 1937-
Format: Book
Language:English
Published: Philadelphia : American Philosophical Society, 2004.
Series:Memoirs of the American Philosophical Society ; v. 252.
Subjects:

MARC

Tag First Indicator Second Indicator Subfields
LEADER 00000pam a22000004a 4500
001 in00002031113
005 20151101053129.0
008 040630s2004 paua b 001 0 eng
010 |a  2004055071 
020 |a 087169252X (cloth) 
035 |a (OCoLC)ocm56014539 
040 |a DLC  |c DLC  |d TXA  |d UtOrBLW 
042 |a pcc 
043 |a e-vc--- 
049 |a TXAM 
050 0 0 |a Q11  |b .P612 vol. 252  |a NB1803 
082 0 0 |a 081 s  |a 730/.92  |2 22 
090 |a NB1803  |b .O47 2004 
100 1 |a Olszewski, Edward J.,  |d 1937- 
245 1 0 |a Cardinal Pietro Ottoboni (1667-1740) and the Vatican tomb of Pope Alexander VIII /  |c Edward J. Olszewski. 
264 1 |a Philadelphia :  |b American Philosophical Society,  |c 2004. 
300 |a xviii, 341 pages :  |b illustrations ;  |c 27 cm. 
336 |a text  |b txt  |2 rdacontent 
337 |a unmediated  |b n  |2 rdamedia 
338 |a volume  |b nc  |2 rdacarrier 
490 1 |a Memoirs of the American Philosophical Society held at Philadelphia for promoting useful knowledge,  |x 0065-9738 ;  |v v. 252 
504 |a Includes bibliographical references (pages 325-330) and index. 
650 0 |a Sepulchral monuments  |z Vatican City. 
600 0 0 |a Alexander  |b VIII,  |c Pope,  |d 1610-1691  |x Tomb. 
650 0 |a Sculpture, Baroque  |z Vatican City. 
600 1 0 |a Rossi, Angelo de',  |d 1671-1715. 
600 1 0 |a Ottoboni, Pietro,  |d 1667-1740  |x Art patronage. 
610 2 0 |a Basilica di San Pietro in Vaticano. 
830 0 |a Memoirs of the American Philosophical Society ;  |v v. 252. 
994 |a C0  |b TXA 
948 |a cataloged  |b h  |c 2005/3/14  |d c  |e blrosas  |f 11:19:17 am 
999 |a MARS 
999 f f |s 0b05412b-7fbd-3fca-9e29-9e986625907b  |i 1a40f54d-edda-3af3-975f-87bd6804ea49  |t 0 
952 f f |p normal  |a Texas A&M University  |b College Station  |c Sterling C. Evans Library  |d Evans: Library Stacks  |t 0  |e NB1803 .O47 2004  |h Library of Congress classification  |i unmediated -- volume  |m A14832333004 
998 f f |a NB1803 .O47 2004  |t 0  |l Evans: Library Stacks